00634nam a2200169 a 4500003000200000005001700002008004100019050002900060100002900089245006400118260009000182300004000272504004100312650004300353650004300396650002500439020250220104753.0110617s19uu xx 00 eng d aPHS GN 479.65b.M81 2011 aMoreno, Romana Renier A. aGender and health consciousness /cRomana Renier A. Moreno. aLas Piñas City, Philippines :bSouthville International School and Colleges,c2011. a27 pages :billustrations ;c28 cm. aIncludes bibliographical references. aGender differences in health behavior. aHealth knowledge, attitudes, practice. aSex role and health.